Tổ chức quản lý nghề nuôi cá trong hợp tác xã /

Đã lưu trong:
书目详细资料
主要作者: Nguyễn Duy Khoát
其他作者: Vũ Duy Chiêu
格式: Sách giấy
语言:Vietnamese
出版: Hà Nội : Nông nghiệp , 1980
标签: 添加标签
没有标签, 成为第一个标记此记录!
Thư viện lưu trữ: Thư viện Trường Đại học Đà Lạt
LEADER 00664nam a2200265 4500
001 DLU020013481
005 ##6/15/2000
020 # # |a 978- 
041 # # |a vie 
082 # # |a 639.3  |b NG-K 
090 # # |a 639.3  |b NG-K 
100 # # |a Nguyễn Duy Khoát 
245 # # |a Tổ chức quản lý nghề nuôi cá trong hợp tác xã /  |c Nguyễn Duy Khoát, Vũ Duy Chiêu 
260 # # |a Hà Nội :  |b Nông nghiệp ,  |c 1980 
300 # # |a 60 tr.;   |c 19 cm. 
700 # # |a Vũ Duy Chiêu 
992 # # |a 223 
994 # # |a DLU 
900 # # |a False 
911 # # |a Administrator 
925 # # |a G 
926 # # |a A 
927 # # |a SH 
980 # # |a Thư viện Trường Đại học Đà Lạt